Pays avec le même nom anglais-français - Statistiques

Statistiques générales
  • Ce quiz a été pris 85 fois
  • Le résultat moyen est 43 sur 77
Statistiques - réponses
Réponse % Correct
France
91%
Canada
75%
Portugal
75%
Congo
74%
Cuba
74%
Pakistan
71%
Vatican
71%
Iran
70%
Mali
70%
Qatar
70%
Vietnam
70%
Yemen
70%
Costa Rica
69%
Panama
69%
Venezuela
69%
Guatemala
68%
Togo
68%
Afghanistan
66%
Belize
66%
Honduras
66%
Monaco
66%
Sénégal
66%
Uruguay
66%
Nicaragua
65%
Niger
65%
Oman
64%
Paraguay
64%
Nigeria
62%
Haïti
61%
Israël
61%
Kenya
61%
Suriname
61%
Turkmenistan
61%
Angola
60%
Eswatini
60%
Guyana
60%
Liechtenstein
60%
Luxembourg
60%
Tonga
60%
Zimbabwe
60%
Kazakhstan
58%
Lesotho
57%
Vanuatu
56%
Gabon
55%
Ghana
55%
Nauru
55%
Taïwan
55%
Madagascar
53%
Malawi
53%
Népal
53%
Sierra Leone
52%
Burkina Faso
51%
Laos
51%
Rwanda
51%
Sri Lanka
51%
Tuvalu
51%
Bangladesh
49%
Libéria
49%
Samoa
49%
Bahamas
48%
Benin
47%
Burundi
45%
Kiribati
44%
Botswana
43%
Sao Tomé-et-Principe
43%
Brunéi
42%
Ukraine
42%
Seychelles
40%
Philippines
38%
Mozambique
36%
Antigua et Barbuda
34%
Montenegro
34%
Maldives
30%
Myanmar
27%
Saint-Vincent-et-les-Grenadines
19%
El Salvador
12%
Saint-Kitts-et-Névis
3%
Aucun quiz correspondant
Distribution des résultats
% des personnes avec chaque résultat
Percentile par nombre de réponses
Votre historique - résultats
Vous n’avez pas pris ce quiz